| 000 | 00583nam a22002057a 4500 | ||
|---|---|---|---|
| 999 |
_c18790 _d18790 |
||
| 003 | AR-CdUCM | ||
| 008 | 190515b ||||| |||| 00| 0 spa d | ||
| 020 | _a84-206-1800-4 | ||
| 040 |
_aMUNICIPALIDAD PROVINCIAL DEL CUSCO _cBIBLIOTECA MUNICIPAL DEL CUSCO |
||
| 082 |
_a194 / _bP27 |
||
| 100 |
_aPascal, Blaise. _939593 |
||
| 245 | _aPensamientos / | ||
| 260 |
_aMadrid : _bAlianza, _c1981. |
||
| 300 |
_a333 páginas ; _c19 cm. |
||
| 440 |
_aClásicos. _939594 |
||
| 500 | _aPensamientos. | ||
| 650 |
_aPensamientos. _930102 |
||
| 942 |
_2ddc _cLIBROS |
||
| 945 |
_arum _d2019-05-15 |
||